Vídeň /

Hlavní autor: Eder, Christian, 1964-
Další autoři: Borecká, Jaromíra, 1972-
Jazyk: Čeština
Vydáno: Praha : Jan Vašut s.r.o., 2016
Vydání: České vydání páté, aktualizované
Edice: Merian live!
Témata:
Fyzický popis: 128 stran : barevné ilustrace, mapy, plány ; 19 cm + 1 plán města (36 x 67 cm složeno na 18 x 10 cm)
Knihy
Uloženo v:
LEADER 02025cam a2200553 i 4500
001 nkc20162795281
003 CZ PrNK
005 20231204124511.0
007 ta
008 160407s2016 xr abe e f 001 0 cze d
015 |a cnb002795281 
020 |a 978-80-7236-964-5  |q (brožováno) 
035 |a (OCoLC)951554539 
040 |a ULG001  |b cze  |d OLA001  |e rda 
041 1 |a cze  |h ger 
043 |a e-au--- 
072 7 |a 913(4)  |x Geografie Evropy, reálie, cestování  |2 Konspekt  |9 7 
080 |a 913(436.1)  |2 MRF 
080 |a (036)913  |2 MRF 
100 1 |a Eder, Christian,  |d 1964-  |7 xx0001910  |4 aut 
240 1 0 |a Wien.  |l Česky 
245 1 0 |a Vídeň /  |c Christian Eder 
250 |a České vydání páté, aktualizované 
264 1 |a Praha :  |b Jan Vašut s.r.o.,  |c 2016 
300 |a 128 stran :  |b barevné ilustrace, mapy, plány ;  |c 19 cm +  |e 1 plán města (36 x 67 cm složeno na 18 x 10 cm) 
336 |a text  |b txt  |2 rdacontent 
336 |a kartografický obraz  |b cri  |2 rdacontent 
337 |a bez média  |b n  |2 rdamedia 
338 |a svazek  |b nc  |2 rdacarrier 
338 |a list  |b nb  |2 rdacarrier 
490 1 |a Merian live! 
500 |a Aktualizovaný dotisk v roce 2019 
500 |a Z němčiny přeložila Jaromíra Borecká 
500 |a Plán uložen v kapsičce 
500 |a Chronologický přehled 
504 |a Obsahuje bibliografické odkazy a rejstřík 
651 7 |a Vídeň (Rakousko)  |7 ge131380  |2 czenas 
651 9 |a Vienna (Austria)  |2 eczenas 
655 7 |a turistické průvodce  |7 fd133738  |2 czenas 
655 9 |a tourist guidebooks  |2 eczenas 
700 1 |a Borecká, Jaromíra,  |d 1972-  |7 jx20060726005  |4 trl 
830 0 |a Merian live!  |0 s 
910 2 |a BOA001  |b 1-1368.490 
920 |a KN3148000000814724  |z ULG001 
928 9 |a Vašut 
990 |a BK 
995 |a 01 
996 6 |b 2610670370  |c 1-1368.490  |l MZK  |r Sklad / do 1 hodiny  |n 3  |p p.v.  |w 001560384  |u 000010  |a 1  |e BOA001  |j MZK50  |s P 
996 7 |b 2610673606  |c 1-1368.490  |l Vol.výběr  |r VV 1p  |n 30  |p kup  |h 913(4) PRU RAK  |w 001560384  |u 000020  |a 0  |e BOA001  |j MZK50  |s A